Escena digital : curs d'especialització : Novembre 2019 Novembre 2019
Descripción Física:
1 fulletó ; color ; 15 x 21 cm.
Idioma:
Catalán
MARC
| LEADER | 00000nam a22000007a 4500 | ||
|---|---|---|---|
| 001 | 27572 | ||
| 003 | Arxiu | ||
| 005 | 20260324181156.0 | ||
| 008 | 230321b spa||||| |||| 00| 0 cat d | ||
| 017 | |a B 5560-2019 | ||
| 040 | |a agdb |b cat | ||
| 041 | |a cat | ||
| 110 | 1 | |9 52662 |a Institut del Teatre (Barcelona, Catalunya) | |
| 240 | |a Escena digital : curs d'especialització |l [català ; |s 2019] | ||
| 245 | |a Escena digital : curs d'especialització : |b Novembre 2019 | ||
| 260 | |a Barcelona : |b Diputació de Barcelona. Institut del Teatre ; |c 2019 | ||
| 300 | |a 1 fulletó ; |b color ; |c 15 x 21 cm. | ||
| 546 | |a També en castellà (R.27940) i en anglès (R. 27941). | ||
| 610 | 2 | 0 | |9 53086 |a Institut del Teatre (Barcelona, Catalunya) |x Currículums |
| 650 | 0 | |2 Arxiu |9 30511 |a Teatre |x Ensenyament | |
| 942 | |2 udc |c ARXIU |n 1 | ||
| 952 | |0 0 |1 0 |2 udc |4 0 |6 FU74181 |7 1 |9 65715 |a Arxiu |b Arxiu |d 2023-03-21 |l 0 |o FU-74-181 |p 27572 |r 2023-03-21 00:00:00 |w 2023-03-21 |y ARXIU | ||
| 999 | |c 83234 |d 83234 | ||